| 000 | 00458nam a2200181Ia 4500 | ||
|---|---|---|---|
| 005 | 20250423094456.0 | ||
| 008 | 250422s9999 xx 000 0 und d | ||
| 020 | _a9781591473800 | ||
| 050 | _aBF 31 .V36/ | ||
| 100 | _aVandenBos, Gary R. | ||
| 245 | 0 | _aAPA Dictionary of psychology | |
| 260 | _aWashington | ||
| 260 | _bAmerican Psychological Assciation | ||
| 260 | _c2007 | ||
| 300 | _a1024 p | ||
| 650 | _a Psychology--Dictionaries. | ||
| 942 | _cBK | ||
| 999 |
_c27350 _d27350 |
||